00604nam a22001572 4500001001100000005001700011008004100028020000800069040001500077100003600092245013300128260005000261300001100311650007500322650004900397000000874820151217155835.0080526s xx 000 0 eng d cKES aKABUcKABU1 aDavis, W. Twiston.@000015944810aFifty years of progress :ban account of the African organization of the Imperial Tobacco Company 1907-1957 /cW. Twiston Davis. aBristol, England :bImperial Tobacco,c[1957] a92 p. 0aThe Imperial Tobacco Company of Great Britain and Ireland.@0000159449 0aTobaccozRhodesia and Nyasaland.@0000159450